Task force on labour relations, study no. 17 Management views of union-- management relations at the local level (Record no. 496389)

000 -LEADER
fixed length control field 00489cam a22001337a 4500
008 - FIXED-LENGTH DATA ELEMENTS--GENERAL INFORMATION
fixed length control field 180718b1968 xxu||||| |||| 00| 0 eng d
082 ## - DEWEY DECIMAL CLASSIFICATION NUMBER
Classification number R706x71 C16/ST/17
100 ## - MAIN ENTRY--PERSONAL NAME
Personal name Mikalachki, A.
245 ## - TITLE STATEMENT
Title Task force on labour relations, study no. 17 Management views of union-- management relations at the local level
Statement of responsibility, etc. by A. Mikalachki, G. Forsyth and J.J. Wettlaufer
260 ## - PUBLICATION, DISTRIBUTION, ETC.
Place of publication, distribution, etc. Ottawa
Name of publisher, distributor, etc. Privy Council Office
Date of publication, distribution, etc. 1968
300 ## - PHYSICAL DESCRIPTION
Extent ix, 98p
700 ## - ADDED ENTRY--PERSONAL NAME
Personal name Wettlaufer, J.J.
700 ## - ADDED ENTRY--PERSONAL NAME
Personal name Forsyth, G.
Holdings
Withdrawn status Lost status Damaged status Not for loan Permanent Location Current Location Date acquired Full call number Barcode Date last seen Price effective from Koha item type
        Indian Institute of Public Administration Indian Institute of Public Administration 2018-08-04 R706x71 C16/ST/17 G10850 2018-08-04 2018-08-04 G

Powered by Koha